| 000 | 00536nam a2200169 i 4500 | ||
|---|---|---|---|
| 001 | 185905 | ||
| 003 | ES-MaACL | ||
| 005 | 20251115063322.0 | ||
| 008 | 160822m19461954sp |||| | spa d | ||
| 100 | 1 |
_aMuñoz Seca, Pedro, _d1881-1936 _984499 |
|
| 245 | 1 | 0 |
_aObras completas / _cPedro Muñoz Seca. |
| 260 |
_aMadrid : _bFax, _c1946-1954. |
||
| 300 |
_a4 v. : _b1 lám. retr. autor ; _c17 cm. |
||
| 505 | 8 | _aContiene: Vol. 2, 3, 5,7 | |
| 852 |
_aES-MaACL _jP-213 bis _z.- Zapa con hierros dorados |
||
| 999 |
_c185905 _d185905 |
||